| 000 | 01132cam a2200361 a 4500 | ||
|---|---|---|---|
| 003 | OSt | ||
| 005 | 20140310184424.0 | ||
| 008 | 051202s2005 nyu c 000 1 eng d | ||
| 010 | _a 2005296662 | ||
| 020 | _a0439651387 (pbk.) | ||
| 020 | _a1415615993 (BWI bdg.) | ||
| 020 | _a9780439651387 | ||
| 035 | _a(OCoLC)ocm60858784 | ||
| 040 |
_aBKX _cBKX _dBAKER _dOCLCQ _dDLC |
||
| 042 |
_alcac _alccopycat |
||
| 050 | 0 | 0 |
_aPZ 7 _b.K8369Nn 2005 |
| 100 | 1 | _aKorman, Gordon. | |
| 245 | 1 | 0 |
_aNow you see them, now you don't / _cGordon Korman. |
| 260 |
_aNew York : _bScholastic Inc., _c2005. |
||
| 300 |
_a146 p. : _c20 cm. |
||
| 490 | 1 |
_aOn the run ; _vchase #3 |
|
| 521 | 1 | _aG5 | |
| 526 | _c740 | ||
| 650 | 1 |
_aFugitives from justice _vFiction. _926886 |
|
| 650 | 1 |
_aBrothers and sisters _vFiction. _926887 |
|
| 650 | 1 |
_aAdventure and adventurers _vFiction. _926888 |
|
| 800 | 1 |
_aKorman, Gordon. _tOn the run ; _vchase #3. _926889 |
|
| 906 |
_a7 _bcbc _ccopycat _d2 _encip _f20 _gy-gencatlg |
||
| 942 |
_2lcc _cBK-SCHOLAS |
||
| 999 |
_c34295 _d34295 |
||